Avatares del nacionalismo cultural : cinco ensayos /

Conjunto de ensayos que estudian la construcción y, a la vez, manifestación de la identidad nacional de México, durante la primera mitad del siglo XX, sobre todo en la música y la programación radiofónica.

Збережено в:
Бібліографічні деталі
Автор: Pérez Montfort, Ricardo (autor)
Формат: Книга
Мова:Іспанська
Опубліковано: México : Morelos, México : CIESAS ; Centro de Investigación y Docencia en Humanidades del Estado de Morelos, 2000, c2000
Предмети:
Теги: Додати тег
Немає тегів, Будьте першим, хто поставить тег для цього запису!

MARC

LEADER 00000nam^a2200000^a^4500
001 000127493
005 20250521000000.0
009 20260310094802.442
020 |a 968-496-342-4 
037 |a Acervo ITESO - Biblioteca 
041 |a ESP 
082 |a 306. 40972  |b PER 
100 |a Pérez Montfort, Ricardo  |e (autor) 
245 1 0 |a Avatares del nacionalismo cultural :  |b cinco ensayos /  |c R. Pérez Montfort. 
264 4 |a México :  |b CIESAS ;  |a Morelos, México :  |b Centro de Investigación y Docencia en Humanidades del Estado de Morelos,  |c 2000, c2000 
300 |a 149 p. 
336 |a texto  |b txt  |2 rdacontenido 
337 |a sin mediación  |b n  |2 rdamedio 
338 |a volumen  |b nc  |2 rdasoporte 
520 |a Conjunto de ensayos que estudian la construcción y, a la vez, manifestación de la identidad nacional de México, durante la primera mitad del siglo XX, sobre todo en la música y la programación radiofónica. 
649 |a XX 
650 |a Identidad Cultural -  |z México 
650 |a Identidad Nacional -  |z México 
650 |a Nacionalismo en la Música -  |z México -  |x Historia y Crítica 
650 |a Nacionalismo en el Arte -  |z México -  |x Historia y Crítica 
650 |a Música Folklórica -  |z México -  |x Historia y Crítica 
650 |a Música Mexicana -  |x Historia y Crítica 
650 |a Radio -  |z México -  |x Historia -  |y 1920-1929 
650 |a Radio -  |z México -  |x Historia -  |y 1930-1939 
650 |a Radio -  |z México -  |x Historia -  |y 1940-1949 
650 |a Radio -  |z México -  |x Historia -  |y 1950-1959 
650 |a Radio -  |z México -  |x Historia -  |y Siglo XX 
650 |a Medios de Comunicación -  |z México -  |x Historia -  |y Siglo XX 
650 |a Comunicación Masiva -  |z México -  |x Historia -  |y Siglo XX 
650 |a Sociología de la Cultura 
650 |a México -  |x Condiciones Sociales y Culturales 
910 |a Fondo General 
920 |a Impresos - Libros 
930 |a Colección General 
905 |a 101 
901 |a 0500059232  |b IT1  |c ACC  |u 20250521 
902 |a https://opac.biblio.iteso.mx/vufind/Record/000127493